It looks like you're offline.
Open Library logo
additional options menu

MARC record from Internet Archive

LEADER: 01072cam 2200289Ia 4500
001 ocm35164797
003 OCoLC
005 20101028143424.0
008 960730s1995 nyu 000 1 eng d
040 $aTXG$cTXG$dCSB$dBAKER$dBTCTA$dOCLCG$dOCLCQ
020 $a0146000749 :$c$.95
020 $a9780146000744
035 $a(OCoLC)35164797
050 4 $aPS3561.I483$bU55 1995
082 14 $aFIC$bKin
100 1 $aKing, Stephen,$d1947-
245 10 $aUmney's last case /$cStephen King.
260 $aNew York, N.Y. :$bPenguin Books,$c1995.
300 $a88 p. ;$c14 cm.
440 0 $aPenguin 60s
500 $a"'Umney's Last Case' was first published in Mr. King's Nightmares and Dreamscapes, Viking Penguin, 1993."
938 $aBaker & Taylor$bBKTY$c0.95$d.71$i0146000749$n0007269151$sactive
938 $aBaker and Taylor$bBTCP$nBK0007269151
952 $a35164797$zTXG$bAUSTIN PUB LIBR$hFull OCLC member$iLCC$kDDC$u20090417
952 $a488065198$zN15$bNEW YORK UNIV, GROUP BATCHLOAD$hFull$u20100724
994 $aZ0$bPMR
948 $hNO HOLDINGS IN PMR - 22 OTHER HOLDINGS